| 000 | 02047nam a2200349 a 4500 | ||
|---|---|---|---|
| 001 | 000000670 | ||
| 005 | 20250621074003.0 | ||
| 008 | 090422s2004 dr bc 001 0 spa d | ||
| 040 |
_aDO-SdBNP _bspa _cBNPHU |
||
| 082 |
_a325.7294 _bW891i |
||
| 100 | 1 |
_aWooding, Bridget _92231 |
|
| 245 | 1 | 0 |
_aInmigrantes haitianos y dominicanos de ascendencia haitiana en la República Dominicana / _cBridget Wooding, Richard Moseley-Williams ; traducción Mariví Arregui, Denise Paiewonsky ; redacción de la versión en español Carlos Flores. |
| 260 |
_aSanto Domingo : _bCID, _c2004. |
||
| 300 |
_a103 p. : _bmapa., retrs. ; _c22 cm. |
||
| 490 | 1 |
_aRelaciones Dominico-Haitianas ; _v4 |
|
| 500 | _aTítulo original en inglés. Needed but unwanted: Haitian immigrants and their descendants in the Dominican Republic | ||
| 505 | 0 |
_tPrólogo -- _tIntroducción -- _tOrígenes de las actitudes dominicanas hacia los haitianos -- _tLa migración haitiana -- _t"Haitianos" en la República Dominicana -- _tTrabajadores cañeros y bateyes -- _tLos domínico-haitianos -- _tLos trabajadores emigrantes e inmigrantes de hoy -- _tRespuestas a la inmigración haitiana -- _tDefendiendo los derechos humanos de los haitianos y sus descendientes en la República Dominicana -- _tConclusiones -- _tBibliografía. |
|
| 590 | _aInventariado, 2018/BT | ||
| 651 | 4 |
_aHaití - _xEmigración E Inmigración _91425 |
|
| 650 | 4 |
_aHaitianos en república dominicana _92246 |
|
| 651 | 4 |
_aRepública Dominicana - _xRelaciones Exteriores - _zHaití _92233 |
|
| 651 | 4 |
_aHaití - _xRelaciones Exteriores - _zRepública Dominicana _92234 |
|
| 651 | 0 |
_aRepública Dominicana _xPolítica y gobierno _945 |
|
| 650 | 0 |
_aDerechos humanos _9658 |
|
| 700 | 1 | 2 |
_aMoseley-Williams, Richard _92247 |
| 700 | 1 | 2 |
_aArregui, Mariví, _etr. _92236 |
| 700 | 1 | 2 |
_aPaiewonsky, Denise, _etr. _92237 |
| 700 | 1 | 2 |
_aFlores, Carlos _92238 |
| 710 | 2 |
_aInstituto Católico para las Relaciones Internacionales _92248 |
|
| 830 | 0 |
_aRelaciones Dominico-Haitianas _n4 _92249 |
|
| 910 | _aValidado. Control de calidad. MMOLINA | ||
| 999 |
_c666 _d666 |
||